| 000 | 00719nam a22001817a 4500 | ||
|---|---|---|---|
| 003 | BD-DhUL | ||
| 005 | 20180107152002.0 | ||
| 008 | 180107s1978 ii |||| |||| 000 0 ben d | ||
| 040 |
_aBD-DhUL _cBD-DhUL |
||
| 082 |
_a891.443 _bPRS |
||
| 100 | 1 |
_aপ্রদ্যোত সেনগুপ্ত। _eসম্পা. |
|
| 245 | 1 |
_aশতবর্ষের শ্রেষ্ঠ ভৌতিক কাহিনী / _cপ্রদ্যোত সেনগুপ্ত। |
|
| 260 |
_aকলিকাতা : _bগ্রন্হনা, _c১৯৭৮। |
||
| 300 |
_a২২৪ পৃ. ; _c২১ সেমি. |
||
| 650 | 4 | _aবাংলা উপন্যাস | |
| 650 | 4 | _aBengali fiction | |
| 942 |
_2ddc _cBK |
||
| 999 |
_c236819 _d236819 |
||